000
00273nam a2200121Ia 4500
008
241002s9999 xx 000 0 und d
082
_a
700.92 MYE
100
_a
Myers, Bernard
245
0
_a
Fifty Great Artists
260
_a
New York:
_c
1967
600
_a
Art
942
_c
UC
999
_c
18467
_d
18467